00262nam a22000737a 4500008004100000040005500041245002900096260006300125230821b |||||||| |||| 00| 0 eng d aNational Science LibrarycNational Science Library aCondensed matter physics aUkraine: bNational Academy of Sciences of Ukraine, c1998